000
00299nam a2200133Ia 4500
008
090707b ii f a fnsan d
100
_a
Mohanjit, ed.
_9
17614
245
_a
Pattan te parchhaven
260
_a
Delhi
260
_b
Arsee Publishers
260
_c
1994
300
_a
119p.
942
_c
BK
999
_c
18899
_d
18899